[Event "Turnier 40 / 120"]
[Site "Wien"]
[Date "2023.08.18"]
[Round "1"]
[White "Novag Star Diamond"]
[Black "Mephisto Lyon 68020"]
[Result "1-0"]
[WhiteElo "2161"]
[BlackElo "2172"]
[Annotator "Christian"]
[PlyCount "49"]
[EventDate "2023.??.??"]

{[%evp 0,49,19,38,60,60,55,58,56,5,23,7,33,40,43,24,28,3,37,33,64,71,68,56,60,41,78,96,300,241,249,272,310,399,468,411,408,404,462,460,454,394,402,408,412,412,408,402,419,396,391,384]} 1. e4 c6 {Runde 1: Caro Cann, Panow Angriff / Zum Auftakt kommt Lyon 68020 arg unter die Räder, nach den beiden ganz schlechten Zügen 12. Sb6 ?? und 13. Ld6 ?? verliert er bereits früh in der Partie eine ganze Figur und damit die Partie, der Rest ist nur noch Formsache für Star Diamond, der sich das nicht mehr nehmen lässt.} 2. d4 d5 3. exd5 cxd5 4. c4 Nf6 5. Nc3 e6 6. Nf3 Bb4 7. cxd5 Nxd5 {Buchende} 8. Qb3 O-O {Buchbewertung Mephisto Lyon 68020: +0,18} 9. Bd3 {Buchende} Qa5 10. Bd2 {Buchbewertung Novag Star Diamond: -0,19 / lt. Stockfish steht Weiss knapp besser mit ca. +0,30} Nc6 11. O-O Rd8 12. Rfc1 Nb6 $4 {ein ganz schlechter Zug, danach ist Weiss bereits klar im Vorteil, Stockfish -1,70, nötig war entweder Ld6 oder Le7 beides mit Ausgleich} ({Torero 1.0-avx2: 1)} 12... Be7 13. Qc2 h6 14. Nxd5 Qxd5 15. Bh7+ Kh8 16. Be4 Qd6 17. Rd1 Bd7 18. Qc1 Bf8 19. Bc3 Kg8 20. a3 Rac8 21. d5 exd5 22. Rxd5 Qc7 23. Qc2 Bg4 24. Rad1 Be6 25. Rxd8 Rxd8 26. g3 Rxd1+ 27. Qxd1 Qd6 28. Qd2 Qc5 29. Ne1 Qd6 30. Qxd6 Bxd6 31. Nd3 Bd7 32. Kf1 b6 33. Ke2 f6 34. Nf4 Kf7 35. b4 Bxf4 36. gxf4 {[%eval 12,42] [%wdl 10,987,3]}) ({Torero 1.0-avx2: 2)} 12... h6 13. h3 Bf8 14. Nxd5 Qxd5 15. Qc2 Nxd4 16. Nxd4 Qxd4 17. Bh7+ Kh8 18. Ba5 Rd7 19. Rd1 Qc5 20. Bc3 e5 21. Be4 Qc7 22. Bd5 Re7 23. Qe2 Be6 24. Qxe5 Qxe5 25. Bxe5 Kg8 26. Bxe6 Rxe6 27. Bd4 b6 28. Rac1 Rd6 29. Be3 Rad8 30. Rxd6 Bxd6 31. Kf1 Be5 32. b3 f5 {[%eval 18,42] [%wdl 14,984,2]}) 13. a3 Bd6 $2 {ein Verlustzug, danach ist die Partie bereits klar verloren, Stockfish -4,00, deutlich mehr Widerstand leistet Lxc3} 14. Nb5 Qa4 15. Qa2 Na5 $2 {Lyon 68020 hat völlig den Überblick verloren, deutlich mehr Widerstand leistet noch Le7, Stockfish -6,00} 16. Nxd6 Rxd6 17. Bxa5 Nd5 {Verliert eine ganze Figur und damit natürlich die Partie, den Rest braucht man nicht mehr zu kommentieren, es sei denn Star Diamond vergurkt das noch irgendwie, aber das ist praktisch nicht mehr möglich} (17... Qxa5 18. Rc5 Qa4 19. Bb5 $18) 18. Bc7 Nxc7 19. Rxc7 Bd7 20. Be4 Bc6 21. Bxc6 Rxc6 22. Rxb7 Rac8 23. h3 g6 24. Qb3 Qxb3 25. Rxb3 {Star Diamond macht bis zum Ende alles richtig, gewinnt nach der Figur noch einen Bauern und tauscht dann die Dame, um alles zu entschärfen, damit ist natürlich auch jede theoretische Chance für Schwarz dahin, hier erspare ich Lyon 68020 die unvermeidliche Hinrichtung / Userentscheid: 1-0} 1-0

[Event "Turnier 40 / 120"]
[Site "Wien"]
[Date "2023.08.19"]
[Round "2"]
[White "Mephisto Lyon 68020"]
[Black "Novag Star Diamond"]
[Result "1-0"]
[WhiteElo "2172"]
[BlackElo "2161"]
[Annotator "Christian"]
[PlyCount "119"]
[EventDate "2023.??.??"]

{[%evp 0,119,35,25,21,-16,26,25,33,27,64,68,45,51,53,28,51,48,87,77,61,23,34,24,25,9,9,13,12,15,15,5,13,13,11,-20,10,9,2,-9,22,25,24,15,24,-12,1,10,21,-8,35,38,25,30,12,27,79,70,123,50,75,40,36,30,30,29,45,76,76,64,64,62,62,62,62,78,79,79,78,46,68,37,41,35,12,0,36,57,63,53,60,57,52,46,22,38,58,33,39,42,83,56,121,94,146,172,176,193,172,187,213,176,234,260,268,272,320,323,377,339,428,434]} 1. d4 d5 {Runde 2: Damengambit angenommen, Janowski Larsen / Nach den beiden ganz schlechten Zügen von Novag Star Diamond 27. Kh7 ?? und 28. c5 ?? ist die Partie praktisch verloren, das bewertet Stockfish 16 bereits mit -4,00, doch dann verschenkt Lyon 68020 mit 29. De4 ?? mit einem Schlag den gesamten Vorteil, hier hätte 29. Le5 !! die Partie zu seinen Gunsten entschieden, danach ist die Stellung ausgeglichen, lange bleibt sie das dann auch, im Endspiel macht dann aber Novag Star Diamond mit 51. Se5 ?? einen spielentscheidenden Fehler und kassiert am Ende doch noch eine unnötige Niederlage, Lyon 68020 gleicht aus. / Stand: 1,0 : 1,0} 2. c4 dxc4 3. Nf3 Nf6 4. e3 Bg4 5. Bxc4 e6 6. h3 Bh5 7. O-O {Buchende} Nbd7 8. Nc3 Bd6 9. e4 {Lyon 68020 wieder im Buch} e5 10. Be2 O-O 11. Be3 {Buchende} Re8 {Buchende} 12. Nxe5 {Buchbewertung Mephisto Lyon 68020: +0,54 / Novag Star Diamond hatte noch den besseren Zug 12. d5 im Buch danach wäre Weiss leicht im Vorteil gewesen mit ca. +0,50, nach dem Textzug ist die Stellung exakt im Lot lt. Stockfish 0,00} Bxe2 {Buchbewertung Novag Star Diamond: -0,11} 13. Qxe2 Nxe5 14. dxe5 Bxe5 15. Rfd1 Qe7 16. f3 Rad8 17. Qc4 a5 18. Rxd8 Rxd8 19. Qb5 Bxc3 20. bxc3 b6 21. Bf4 h6 22. Qc4 Ne8 23. a4 Qd7 24. Re1 Kh8 25. e5 Qf5 26. e6 fxe6 27. Rxe6 Kh7 $4 {ein schlechter Zug, danach ist Weiss Weiss klar im Vorteil, Stockfish -1,30, nötig war Td1+ mit Ausgleich} ({Torero 1.0-avx2:} 27... Rd1+ 28. Kh2 Nd6 29. Bxd6 Rxd6 30. Re8+ Kh7 31. h4 h5 32. Qg8+ Kg6 33. Re7 Qf6 34. Qe8+ Kh6 35. g3 Qf5 36. Qh8+ Qh7 37. Qxh7+ Kxh7 38. Rxc7 Rd2+ 39. Kh3 Ra2 40. Rc4 Rf2 41. f4 g6 42. Rc7+ Kg8 43. Rc6 Kh7 44. Rxb6 Ra2 45. Rb5 Rxa4 46. Rc5 Ra1 47. f5 a4 48. f6 a3 49. Rc7+ Kg8 {[%eval 14,32] [%wdl 9,989,2]}) 28. Re7 c5 $2 {ein Verlustzug, danach ist die Partie bereits klar verloren, Stockfish -3,80, nötig war Td1+} ({Torero 1.0-avx2:} 28... Nf6 29. Qf7 Rd1+ 30. Kf2 Qg6 31. Qxg6+ Kxg6 32. Rxc7 Ra1 33. Be5 Ra2+ 34. Kg3 Rxa4 35. Rb7 Nh5+ 36. Kh2 Kf5 37. Bd6 Ra2 38. Rxb6 Nf6 39. Rb7 g5 40. Rb5+ Kg6 41. Be5 Kf7 42. f4 gxf4 43. Bxf4 h5 44. Be5 Ne4 45. Bc7 a4 46. Rxh5 Nd2 47. Rf5+ Kg6 48. Ra5 Nf3+ 49. Kg3 Ne1 50. Kg4 Nxg2 {[%eval 120,31] [%wdl 766,234,0]}) 29. Qe4 $2 {ein grottenschlechter Zug, der den gesamten Vorteil auf einen Schlag verschenkt, die Stellung ist wieder im Lot, gewonnen hätte Le5} Nd6 30. Qxf5+ Nxf5 31. Re6 Rd3 32. Be5 Ne3 33. Re7 Rd1+ 34. Kf2 Nf5 35. Rf7 Kg6 36. Rb7 Rd2+ 37. Kg1 Rd1+ 38. Kh2 Rd2 39. Rxb6+ Kh5 40. Rb5 Nh4 41. Rxc5 Rxg2+ 42. Kh1 Rc2 43. Bxg7+ Kg6 44. Bf8 Nxf3 45. Bd6 Ng5 46. Bc7 Nxh3 47. Bxa5 Nf2+ 48. Kg1 h5 49. Rc6+ Kf7 50. Bb6 Nd3 51. a5 Ne5 $2 {ein absoluter Verlustzug, danach ist die Partie sofort verloren, Stockfish -5,50, das Remis gesichert hätte Ta2} 52. Rc7+ Ke6 53. a6 Nf3+ 54. Kf1 Rd2 55. Bf2 Nh2+ 56. Kg1 Nf3+ 57. Kg2 Ne1+ 58. Kf1 Nd3 59. Be3 Ra2 60. a7 {Rest geschenkt} 1-0

[Event "Turnier 40 / 120"]
[Site "Wien"]
[Date "2023.08.20"]
[Round "3"]
[White "Novag Star Diamond"]
[Black "Mephisto Lyon 68020"]
[Result "1-0"]
[WhiteElo "2161"]
[BlackElo "2172"]
[Annotator "Christian"]
[PlyCount "143"]
[EventDate "2023.??.??"]

{[%evp 0,143,19,25,82,31,38,38,27,11,3,-13,33,26,48,72,39,7,0,-5,41,-22,5,4,16,-20,-17,-44,-44,-52,-69,-34,-22,-17,-18,-15,-8,-8,1,0,0,2,7,2,0,-8,4,7,15,16,31,20,57,30,33,27,27,51,45,45,53,50,53,55,53,45,38,60,48,41,58,56,72,56,72,35,27,36,36,68,81,79,114,126,110,103,129,124,136,136,139,106,103,91,140,133,138,138,133,138,138,66,138,138,138,66,129,129,131,131,138,138,131,131,131,133,133,129,223,242,244,244,244,236,291,292,293,326,332,339,349,404,440,440,438,522,671,743,1002,1012,1016,1016,1022,1032,1032,739]} 1. Nf3 c6 2. c4 d5 3. d4 Nf6 4. Nc3 dxc4 5. a4 Bg4 6. Ne5 Bh5 {Buchende} 7. Nxc4 e6 {Buchbewertung Mephisto Lyon 68020: +0,03} 8. Bg5 Bb4 9. f3 {Buchende} O-O 10. Qb3 {Buchbewertung Novag Star Diamond: +0,73 / da liegt er völlig falsch, lt. Stockfish steht Schwarz um eine Nuance besser mit ca +0,30, besser ist e4 oder e3} a5 {etwas besser ist c5, nach dem Textzug ist die Stellung im} 11. O-O-O h6 12. Bxf6 {besser ist Lh4, Stockfish -0,40} Qxf6 13. Ne4 $2 {ein schlechter Zug, danach steht Schwarz bereits klar besser, Stockfish -1,30, deutlich besser ist Se5} Qd8 $4 {ein völlig unverständlicher Zug, warum zurück in die Startlöcher und dem Turm dieses Feld verstellen, warum nicht De7 ??, danach ist jeglicher Vorteil dahin, die Stellung ist wieder im Lot} 14. Ne5 Qd5 15. Qxd5 cxd5 16. Ng3 Bg6 17. Nxg6 fxg6 18. e3 Nd7 19. Bb5 Nb6 20. Kb1 Rac8 21. Ne2 g5 22. Nc1 Kh7 23. Nd3 Bd6 $2 {ein schwacher Zug, danach steht Weiss besser, Stockfish -0,80, deutlich besser ist Sc4 mit Ausgleich} 24. e4 $1 dxe4 25. fxe4 g6 $4 {ein Verlustzug, danach ist die Partie praktisch schon verloren, Stockfish -2,00, deutlich besser ist Tfd8 mit ca. -0,80} ({Stockfish dev-20230702-9a2d50ec:} 25... Rfd8 26. h3 Nc4 27. Rc1 Ne3 28. Rxc8 Rxc8 29. g4 Rd8 30. Rc1 Bh2 31. Re1 Bf4 32. Nc5 Rxd4 33. Nxe6 Rd2 34. e5 Nd5 35. Nxf4 gxf4 36. Re4 Kg6 37. Bc4 Nb6 38. Rxf4 Nxc4 39. Rxc4 Rd5 40. e6 Re5 41. Rc7 b6 42. Rc6 b5 43. b4 bxa4 44. e7+ Kg5 {[%eval 87,30] [%wdl 346,654,0]}) 26. e5 Be7 27. Rc1 Rfd8 $4 {[%mdl 2] es geht steil bergab, spätestens danach ist alles vorbei, Stockfish -4,30, deutlich mehr Widerstand leistet noch Tcb8} 28. Rxc8 Rxc8 29. Rc1 Rxc1+ 30. Kxc1 Kg7 {die Stellung ist klar verloren für Schwarz, Stockfish -5,00, allerdings ist dieser Kommentar natürlich wieder aus Sicht der Top-Engine, die Oldies können hier noch keinen klaren Gewinn für Weiss sehen, Lyon 68020: -0,48} 31. Kd2 {Novag Star Diamond: +0,76} Kf7 32. Ke3 $4 {ein ganz schlechter Zug, der mehr als 3 ganze Bauerneinheiten !! einstellt, Stockfish "nur" noch +1,70, sofort gewonnen hätte Sc5} g4 $2 {ein ganz schlechter Zug, der den Nachteil von Schwarz verdoppelt, Stockfish -3,50, nötig war Sd5} 33. Ke4 h5 $2 {nochmals ganz schwach, Stockfish -5,00, deutlich besser ist noch Sa8} 34. Nc5 Bxc5 35. dxc5 Nd5 36. Bd3 $2 {besser ist Ld7, dennoch steht Weiss klar auf Gewinn, Stockfish +4,50} Nb4 37. Bf1 g5 38. Be2 $2 {ein Horrorzug, der auf einen Schlag den gesamten Vorteil verschenkt, danach ist die Partie bereits Remis, gewonnen hätte Kd4 mit +4,00} Nd5 $2 {verschenkt sofort wieder das Remis, danach ist die Partie wieder klar verloren, Stockfish -4,00, das Remis gesichert hätte Ke7} 39. Kd4 Nb4 40. h3 Nc2+ 41. Kc3 Ne3 42. hxg4 hxg4 43. g3 $4 {ein schlechter Zug, der ca. 2,5 Bauerneinheiten !! einbüsst, Stockfish +3,00, sofort gewinnt b4 mit folgendem Durchbruch der Bauern am Damenflügel} Ke7 44. Kd3 $2 {verschenkt den Sieg, danach ist die Partie Remis, gewonnen hätte wieder b4} Nf5 45. Bxg4 Kd7 46. Bf3 Kc7 47. g4 Nh6 48. Bd1 Nf7 49. Kd4 Nd8 50. Bb3 Kc6 51. Bc4 Kc7 52. Ba2 Kd7 53. Bb1 Nc6+ 54. Ke4 Nd8 55. Bd3 Kc7 56. Bb5 Nf7 57. Kd4 Kc8 $2 {ein absoluter Verlustzug, danach ist die Partie sofort verloren, Stockfish -6,00, nötig war Sd8 und es ist Remis} 58. Be8 Nh6 59. Bh5 Kd7 60. Kc4 Kc6 61. b3 b6 62. cxb6 Kxb6 63. b4 axb4 64. Kxb4 Ng8 65. a5+ Kc7 66. Kc5 Ne7 {[%emt 0:00:23] Stockfish Matt in} 67. Be8 Nd5 68. a6 Ne3 69. Bc6 Kb8 70. Bd7 Ka7 71. Bxe6 Kxa6 72. Kc6 {Rest geschenkt} 1-0

[Event "Turnier 40 / 120"]
[Site "Wien"]
[Date "2023.08.21"]
[Round "4"]
[White "Mephisto Lyon 68020"]
[Black "Novag Star Diamond"]
[Result "1-0"]
[WhiteElo "2172"]
[BlackElo "2161"]
[Annotator "Christian"]
[PlyCount "121"]
[EventDate "2023.??.??"]

1. e4 e5 {Runde 4: Spanisch / Novag Star Diamond verliert nach einer Ungenauigkeit einen Bauern und Lyon 68020 kommt in ein Vorteilhaftes Endspiel, wo er lange Zeit den Vorteil stetig ausbaut und eine Gewinnstellung erreicht, die Stockfish 16 bereits mit +6,00 bewertet, aber ich musste auch in der Vergangenheit schon mehrmals feststellen, dass Lyon 68020 kein Enspielkünstler ist, er konnte auch gegen Magellan und Atlanta in dieser Phase keine Vorteile erspielen und auch hier vergurkt er dieses 100 %gewonnene Endspiel mit dem Megabock 46. Txh7 ?? verschenkt er den Sieg, aber Star Diamond gibt ihm noch eine Chance und verschenkt wenig später das Remis mit dem Verlustzug 53. Te3 ?? ist dann alles aus, hier hätte Star Diamond mit 53. Tb2 !! das Remis sichern können. Im 4. Spiel gibt es den 4. Sieg für Weiss und alles ist wieder im Lot. Das Niveau des Wettkampfes bleibt schlecht. Stand: 2,0 : 2,0} 2. Nf3 Nc6 3. Bb5 a6 4. Ba4 Nf6 5. O-O Nxe4 6. d4 b5 7. Bb3 d5 8. dxe5 Be6 9. Be3 Be7 10. c3 Qd7 11. Nbd2 {Buchende} Rd8 12. Nxe4 {Buchbewertung Mephisto Lyon 68020: +0,18} dxe4 13. Qxd7+ Kxd7 {Buchende} 14. Rfd1+ Kc8 {Novag Star Diamond ist mit seinem Buch gar nicht zufrieden, Bewertung: -1,11 !! / lt. Stockfish hat er dazu keinen Grund der sieht die Stellung exakt ausgeglichen mit 0,00} 15. Bxe6+ fxe6 16. Nd4 Nxd4 17. Rxd4 Rxd4 18. cxd4 a5 19. h3 Kd7 20. Re1 Kc6 21. Rc1+ Kd7 22. Bd2 Bb4 23. Be1 Ra8 24. Kf1 c6 $4 {bis zu diesem Zeitpunkt war die Stellungsbewertung von Stockfish 16 niemals anders als 0,00, ein Verlustzug, Stockfish -1,70, nötig war Ta6 mit Ausgleich, ein ganz kurzsichtiger Zug, danach ist der Bauer e4 verloren} (24... Ra6 25. Ke2 Rc6 26. Rxc6 Kxc6 27. Bxb4 axb4 28. Ke3 Kd5 $11) 25. Rc2 $4 {ein ganz schlechter Zug, der den gesamten Vorteil verschenkt, danach ist die Stellung wieder im Lot, nötig war Ke2} Be7 $4 {ein Verlustzug, verpasst den möglichen Ausgleich, Stockfish -1,80, nötig war c5 mit Ausgleich damit hätte Schwarz den Bauern e4 retten können} (25... c5 26. dxc5 Kc6 27. Bd2 (27. Bxb4 axb4 28. b3 Rd8 29. Ke2 Rd3 $11) 27... Rd8 28. Bxb4 axb4 29. Ke2 Rd3 $11) 26. Ke2 Bg5 27. Bd2 Be7 28. Ke3 {die Stellung ist bereits klar verloren für Schwarz, Stockfish -2,00, für einen Oldie ist es aber natürlich "erst" ein Mehrbauer, Lyon 68020: +1,03} a4 {Novag Star Diamond: -1,26} 29. Kxe4 a3 $2 {schlecht, besser ist noch h5, Stockfish -2,80} 30. b3 Rf8 31. f3 Rb8 32. Be1 Bf8 $2 33. f4 Be7 34. f5 $2 {das ist zu voreilig und büsst ca. 1 Bauerneinheit ein, deutlich besser ist g4, Stockfish +2,50} exf5+ 35. Kxf5 Rf8+ 36. Ke4 Rf1 37. Bg3 Bb4 $4 {ein grottenschlechter Zug, danach ist bereits alles verloren, Stockfish -5,00, hier kann Weiss bereits alles erledigen mit der Fortsetzung e6+} 38. e6+ $1 {klar, Star Diamond hatte Kd3 ?? erwartet, danach wäre Weiss nur noch mit ca. +1,00 im Vorteil} Kxe6 39. Rxc6+ Kf7 40. Rc7+ Ke8 41. Rb7 Be1 42. Bd6 Rf2 43. Rxg7 Rxa2 44. Re7+ Kd8 45. Kd5 Bc3 $18 46. Rxh7 $2 $16 {was für ein Megabock, der nahezu den gesamten Vorteil verschenkt, danach ist ein Gewinn in weiter Ferne, Stockfish nur noch +0,60 (verschenkt 5,50 Bauerneinheiten !!, nach Ta7 wäre Weiss bereits mit ca. +6,00 !! im Vorteil gewesen, ignoriert den Freibauern auf a3 | KUT: Dass dies} ({Torero 1.0-avx2:} 46. Ra7 Rxg2 47. Rxa3 Ke8 48. Ra7 h6 49. Re7+ Kd8 50. Rb7 Ke8 51. Be5 Kd8 52. Rxb5 Be1 53. Rb7 Kc8 54. Rc7+ Kd8 55. Rh7 Kc8 56. Bd6 Bf2 57. Rxh6 Kb7 58. Bc5 Rg1 59. b4 Rg7 60. Rh8 Bg3 61. h4 Bc7 62. Kc4 Bf4 63. d5 Bc1 {[%eval 644,36] [%wdl 1000,0,0]}) 46... b4 $1 {richtig na klar} 47. Rb7 Rxg2 48. Kc6 (48. Bxb4 Bxb4 49. Rb8+ Kd7 50. Rb7+ Ke8 51. Rb8+ Kf7 52. Rxb4 Rg5+ 53. Kc4 Ra5 54. Rb7+ Kf6 55. Rb6+ Kf5 56. Kb4 Ra8 57. Rb5+ Kf4 58. Rb7 a2) 48... Ke8 49. Re7+ {Lyon 68020: +1,96 sieht sich hier noch klar im Vorteil, ein Irrtum, Stockfish +0,50} Kd8 {Novag Star Diamond schätzt es besser ein und sieht sich nur knapp im Nachteil: -0,30 !} 50. Rf7 Re2 51. Rb7 Ke8 52. Bxb4 Bxb4 53. Rxb4 Re3 $2 {ein absoluter Verlustzug, danach ist die Partie sofort verloren, verschenkt das Remis, Stockfish -5,00, das Remis gesichert hätte Tb2} 54. h4 Re6+ 55. Kb5 a2 56. Ra4 Re2 57. b4 Ke7 58. Kc4 Rc2+ 59. Kb3 Rd2 60. Rxa2 Rxd4 61. Rh2 {Rest geschenkt} 1-0